Ceny bude regulovať nielen ministerstvo financií, ale aj okresné úrady

Bibliographic Details
Main Author: Žitňanský, Eduard, 1952-2022 (Author)
Format: Article
Language:Slovak
Subjects:

MARC

LEADER 00000nab a2200000 a 4500
001 vtls000579866
003 SK-MaSNL
005 20260305043729.0
008 160202c1996 xo 0 slo
015 |a SNBRB19rr/mm-uuuuu 
035 |a CL0580004 
040 |a SNKBUCL  |b slo  |c SNKBUCL  |e AACR2 
041 0 |a slo 
044 |a xo  |c SK 
080 |a 338.5  |2 1981 
080 |a 351.822  |2 1981 
100 1 |a Žitňanský, Eduard,  |d 1952-2022  |4 aut  |9 110414 
245 1 0 |a Ceny bude regulovať nielen ministerstvo financií, ale aj okresné úrady  |c Eduard Žitňanský 
500 |a Chybné číslovanie. Má byť č. 76 
650 0 7 |a ceny  |2 snkbucl  |9 2113 
650 0 7 |a cenová regulácia  |2 snkbucl  |9 73170 
655 7 |a články z novín a časopisov  |2 snkbucl  |9 267496 
773 0 |t Národná obroda  |g Roč. 7, č. 74 (30. 3. 1996), s. 9 
850 |a Slovenská národná knižnica v Martine  |a MTA001 
852 |a SNK  |b KIS3GCP 
958 |a RK 
958 |a SK 
992 |a RBX 
999 |c 3354912  |d 3356842